000 00503nam a2200193Ia 4500
005 20250326141638.0
008 250326s9999 xx 000 0 und d
037 _aTextbook
040 _aFMSL
_beng
_cFMSL
041 _aeng
_2eng
084 _qFMSL
100 _aDouglas Evan J
245 0 _aManagerial Economics : Analysis and strategy
_cDouglas Evan J
250 _a3
260 _aLondon
_bLondon, Prentice Hall Int.
_c1987
300 _a672p
942 _cTB
999 _c1291289
_d1291289